000 00340 a2200157 4500
001 158716
020 _a
040 _cMagnum
100 _a-
240 1 0 _aAventura na ciencia/forca e movimento
_lpor
245 1 0 _aAventura na ciencia/forca e movimento
362 0 _a1899
440 1 _aGlobo
697 _aENCICLOPEDIAS
942 _cBK
999 _c158716
_d158716